| 000 | 00455nam a2200145 a 4500 | ||
|---|---|---|---|
| 001 | 000036278 | ||
| 005 | 20200930075638.0 | ||
| 008 | 120112s19uu cl 000 0 spa d | ||
| 040 |
_aDO-SdBNP _bspa _cBNPHU |
||
| 082 |
_axxx _bP426f |
||
| 100 | 1 |
_aPeralta Peralta, Jaime _962396 |
|
| 245 | 1 | 0 |
_aFiestas y costumbres de Puerto Rico / _cJaime Peralta Peralta. |
| 260 |
_a[Chile] : _bIntituto Chileno de Cultura Hispánica, _c[19uu]? |
||
| 300 |
_a20 p. ; _c27 cm. |
||
| 999 |
_c35769 _d35769 |
||